000 00714nam a2200229Ia 4500
003 OSt
005 20250409161059.0
008 220923b |||||||| |||| 00| 0 eng d
020 _a8187498005
037 _cGeneral Book
040 _aRTL
_cRTL
_beng
041 _2eng
_aeng
100 _aGOPALA, KRISHNAN R
_9752053
245 0 _aEssays in Indain Geography
_b Continuity of traditions
260 _a New Delhi
_bRegency Publications
_c2001
300 _aviii, 310p
_ccm.
500 _aBibliography chapterwise
650 _aGeography
700 _a AHMED Ali
_960567
942 _hU.29W.N, P1/NTI
_cGB
_2CC
_n0
999 _c611517
_d611517